[Event "10th Sharjah Cup Women 2020"]
[Site "Sharjah"]
[Date "2020.01.07"]
[Round "5.3"]
[White "Li, Xueyi"]
[Black "Sukandar, Irine Kharisma"]
[Result "1/2-1/2"]
[WhiteElo "2307"]
[BlackElo "2402"]
[Annotator "RC"]
[PlyCount "38"]
[EventDate "2020.01.04"]
[EventType "swiss"]
[EventCountry "UAE"]
[SourceTitle "playchess.com"]
[Source "ChessBase"]
[SourceQuality "1"]
[TimeControl "5400+30"]

1. d4 {[%emt 0:00:00]} Nf6 {[%emt 0:00:00]} 2. c4 {[%emt 0:00:05]} e6 {[%emt 0:00:09]} 3. Nf3 {[%emt 0:00:43]} d5 {[%emt 0:00:19]} 4. g3 {[%emt 0:00:08]} dxc4 {[%emt 0:00:44]} 5. Bg2 {[%emt 0:00:07]} Nc6 {[%emt 0:00:25]} 6. Qa4 {[%emt 0:00:35]} Bb4+ {[%emt 0:00:44]} 7. Bd2 {[%emt 0:00:09]} Nd5 {[%emt 0:00:25]} 8. Bxb4 {[%emt 0:00:08]} Ndxb4 {[%emt 0:00:07]} 9. O-O {[%emt 0:00:17]} Rb8 {[%emt 0:00:54]} 10. Nc3 {[%emt 0:01:43]} a6 {[%emt 0:00:54]} 11. Ne5 {[%emt 0:01:05]} O-O {[%emt 0:00:54]} 12. Nxc6 {[%emt 0:00:31]} Nxc6 {[%emt 0:00:09]} 13. Bxc6 {[%emt 0:00:13]} bxc6 {[%emt 0:00:07]} 14. Qxc4 {[%emt 0:00:07]} Rxb2 {[%emt 0:02:24]} 15. Rab1 {[%emt 0:00:20]} Rb6 {[%emt 0:00:35]} 16. Na4 {[%emt 0:00:07]} Rb5 {[%emt 0:00:35]} 17. Nc3 {[%emt 0:00:06]} Rb6 {[%emt 0:00:27]} 18. Na4 {[%emt 0:00:07]} Rb5 {[%emt 0:00:20]} 19. Nc3 {[%emt 0:00:08]} Rb6 {[%emt 0:00:04]} 1/2-1/2

[Event "10th Sharjah Cup Women 2020"]
[Site "Sharjah"]
[Date "2020.01.07"]
[Round "5.4"]
[White "Abdulla, Khayala"]
[Black "Gong, Qianyun"]
[Result "1-0"]
[WhiteElo "2275"]
[BlackElo "2371"]
[Annotator "ChessBase"]
[PlyCount "47"]
[EventDate "2020.01.04"]
[EventType "swiss"]
[EventCountry "UAE"]
[SourceTitle "playchess.com"]
[Source "ChessBase"]
[SourceQuality "1"]
[TimeControl "5400+30"]

1. e4 {[%emt 0:00:00]} c5 {[%emt 0:00:00]} 2. c3 {[%emt 0:01:11]} d5 {[%emt 0:00:00]} 3. exd5 {[%emt 0:00:06]} Qxd5 {[%emt 0:00:00]} 4. Nf3 {[%emt 0:00:07]} g6 {[%emt 0:00:16]} 5. d4 {[%emt 0:05:48]} Bg7 {[%emt 0:00:05]} 6. Be3 {[%emt 0:03:07]} cxd4 {[%emt 0:12:51]} 7. cxd4 {[%emt 0:05:44]} Nh6 {[%emt 0:02:15]} 8. Qc1 {[%emt 0:05:18]} Bg4 {[%emt 0:19:16]} 9. Bxh6 {[%emt 0:03:16]} Bxh6 {[%emt 0:00:04]} 10. Qxh6 {[%emt 0:00:05]} Bxf3 {[%emt 0:00:05]} 11. gxf3 {[%emt 0:00:59]} Nc6 {[%emt 0:00:07]} 12. Nc3 {[%emt 0:25:40]} Qxf3 {[%emt 0:01:13]} 13. Rg1 {[%emt 0:00:10]} Nxd4 {[%emt 0:05:50]} 14. Be2 {[%emt 0:02:57]} Qf5 {[%emt 0:14:21]} 15. Kf1 {[%emt 0:06:27]} Rd8 {[%emt 0:18:53]} 16. Rd1 {[%emt 0:04:47]} e5 {[%emt 0:01:53]} 17. Qg5 {[%emt 0:15:29]} Qh3+ {[%emt 0:00:10]} 18. Rg2 {[%emt 0:00:58]} O-O {[%emt 0:05:40]} 19. Bg4 {[%emt 0:01:42]} f6 {[%emt 0:00:14]} 20. Bxh3 {[%emt 0:00:35]} fxg5 {[%emt 0:00:05]} 21. Rxg5 {[%emt 0:00:29]} Nf3 {[%emt 0:00:12]} 22. Rxd8 {[%emt 0:01:02]} Rxd8 {[%emt 0:00:07]} 23. Rg3 {[%emt 0:00:15]} Nd4 {[%emt 0:01:13]} 24. Re3 {[%emt 0:00:46]} 1-0

[Event "10th Sharjah Cup Women 2020"]
[Site "Sharjah"]
[Date "2020.01.07"]
[Round "5.5"]
[White "Assaubayeva, Bibisara"]
[Black "Asatryan, Sona"]
[Result "1-0"]
[WhiteElo "2375"]
[BlackElo "2085"]
[Annotator "TA"]
[PlyCount "93"]
[EventDate "2020.01.04"]
[EventType "swiss"]
[EventCountry "UAE"]
[SourceTitle "playchess.com"]
[Source "ChessBase"]
[SourceQuality "1"]

{[%evp 13,93,27,31,19,12,-9,0,-27,0,0,22,0,0,-14,-1,-17,0,0,58,52,160,157,206,217,219,218,210,108,110,117,133,134,140,96,200,206,322,325,358,395,429,451,463,309,493,333,320,299,677,680,780,192,185,137,150,125,197,151,418,419,856,820,759,265,261,265,265,262,416,413,1751,1737,1729,1729,1725,1718,5089,5081,4134,4132,1212,1064]} 1. d4 Nf6 2. c4 e6 3. Nf3 Bb4+ 4. Nbd2 b6 5. a3 Bxd2+ 6. Qxd2 Bb7 7. e3 O-O 8. b4 {E14: Queen's Indian: Classical Variation (4 e3)} a5 9. Bb2 axb4 10. axb4 {The position is equal.} Rxa1+ 11. Bxa1 Ne4 12. Qc2 Qe7 13. c5 f5 14. Be2 {[#]} Bd5 $146 ({Predecessor:} 14... Nc6 15. Bc3 bxc5 16. dxc5 {1-0 (40) Carlsen,M (2865)-Naiditsch,A (2706) Baden-Baden 2015}) 15. O-O Ng5 (15... Nc6 $11) 16. Nd2 Nh3+ (16... d6 $14) 17. Kh1 $1 $16 Qh4 18. f3 Ng5 19. cxb6 cxb6 20. Qc7 (20. b5 $18) 20... Nf7 21. b5 Qg5 {[#]} 22. Qc3 $1 Nd6 23. Qa3 Rc8 {[#]} (23... Nc8 $16 24. Rc1 d6) 24. Rd1 $1 $18 (24. Qxd6 $6 Qxe3 25. Bc4 Qxd2 $16) 24... Ne8 (24... Nf7 $142 25. e4 Bb7 26. exf5 (26. Qa7 Nd8 $16) 26... Bd5 27. fxe6 dxe6) 25. e4 fxe4 26. fxe4 Bb7 {[#] and the idea ...Rc2 leaves Black hopeful.} 27. d5 $1 {[%mdl 512]} exd5 28. Nf3 ({Don't do} 28. Rf1 d6 $18) 28... Qf4 (28... Qd8 $142 29. e5 (29. exd5 h6 $18) 29... Rc5) 29. e5 d4 30. Bxd4 d6 $2 (30... Nc7 31. Bxb6 Ne6) 31. Be3 Qe4 32. exd6 $2 (32. Bd3 Qg4 33. Qa2+ d5 34. Qa7) 32... Nd7 33. Bf1 Nef6 34. Bd4 Qc2 (34... Bd5 $16 35. Rc1 Re8) 35. Qd3 Qa2 $2 (35... Qxd3 $16 {was called for.} 36. Bxd3 Ne4) 36. Bxf6 Nxf6 (36... gxf6 $142 37. Qf5 Qf7) 37. d7 Rd8 38. Qc4+ $2 (38. Qd4 {aiming for Bc4+.} Qc2 39. Ne5) 38... Qxc4 39. Bxc4+ Kf8 40. Ne5 Be4 (40... Ke7 $142 41. Nc6+ Bxc6) 41. Be6 Ke7 (41... Ra8 $142 42. Nc6 Nxd7 43. Bxd7 Bd3 {[%mdl 64] Back Rank}) 42. Nc6+ {White is clearly winning.} Bxc6 43. bxc6 Kxe6 44. c7 Ke7 45. c8=Q {Threatening mate with Re1+.} Rxd7 46. Rxd7+ Nxd7 47. Qc6 {Accuracy: White = 55%, Black = 29%.} 1-0

[Event "10th Sharjah Cup Women 2020"]
[Site "Sharjah"]
[Date "2020.01.07"]
[Round "5.6"]
[White "Zimina, Olga"]
[Black "Babayan, Armine"]
[Result "1-0"]
[WhiteElo "2367"]
[BlackElo "2186"]
[Annotator "TA"]
[PlyCount "61"]
[EventDate "2020.01.04"]
[EventType "swiss"]
[EventCountry "UAE"]
[SourceTitle "playchess.com"]
[Source "ChessBase"]
[SourceQuality "1"]

{[%evp 13,61,32,32,32,39,28,36,18,11,29,58,29,92,76,293,296,291,275,285,277,552,553,537,543,591,589,579,574,574,580,567,571,589,580,664,658,712,710,691,647,745,737,737,633,678,678,661,661,656,617]} 1. Nf3 Nf6 2. c4 c6 3. g3 d5 4. Bg2 Bf5 5. cxd5 cxd5 6. Qb3 Qc8 7. Nc3 e6 8. d3 {A11: English Opening: 1...c6} Be7 9. Bf4 O-O 10. Nb5 {White is slightly better.} Nc6 11. Rc1 Qd8 $146 ({Predecessor:} 11... Nh5 12. Nd6 Bxd6 13. Bxd6 Rd8 14. Be7 Re8 15. Bg5 h6 16. Bd2 Qd7 17. g4 Bxg4 18. Rxc6 bxc6 {1-0 (40) Aguero Jimenez,L (2473)-Harikrishnan,A (2204) Sitges 2018}) 12. O-O a6 (12... Bg4 $11) 13. Nbd4 $36 {[%mdl 2112] Discovered Attack. Keeping Black busy.} Qd7 $2 {[#]} (13... Nxd4 $16 14. Nxd4 Bd6) 14. Nxc6 $1 $18 bxc6 15. Ne5 Qe8 16. Nxc6 ({But not} 16. Rxc6 $6 Nh5 $16) 16... Nh5 $2 (16... Qd7 17. Nxe7+ Qxe7) 17. Qb7 {White is clearly winning.} Nxf4 18. Nxe7+ Qxe7 19. Qxe7 Nxe2+ 20. Kh1 Nxc1 21. Rxc1 Bxd3 22. Rc7 Rab8 23. Qa3 Bb5 24. Kg1 Rbc8 25. Qc5 Rcd8 26. Bf1 d4 27. Bxb5 axb5 28. Kf1 d3 {[#] ...d2 is the strong threat.} 29. Ke1 Rd5 30. Qc6 Re5+ 31. Kd1 {Accuracy: White = 76%, Black = 22%.} 1-0

[Event "10th Sharjah Cup Women 2020"]
[Site "Sharjah"]
[Date "2020.01.07"]
[Round "5.7"]
[White "Michelle Catherina, P."]
[Black "Khukhashvili, Sopiko"]
[Result "1-0"]
[WhiteElo "2143"]
[BlackElo "2343"]
[Annotator "TA"]
[PlyCount "89"]
[EventDate "2020.01.04"]
[EventType "swiss"]
[EventCountry "UAE"]
[SourceTitle "playchess.com"]
[Source "ChessBase"]
[SourceQuality "1"]

{[%evp 23,89,25,25,0,50,50,59,59,61,66,62,50,69,69,93,76,89,72,72,65,77,77,77,70,92,75,108,107,108,108,108,108,108,108,108,108,108,108,108,104,106,106,104,104,104,104,313,277,289,296,352,351,329,337,458,465,457,456,460,455,846,800,911,849,1662,1561,29994,29995]} 1. e4 c5 2. Nf3 d6 3. d4 cxd4 4. Nxd4 Nf6 5. Nc3 Nc6 6. Bc4 e6 7. Be3 Be7 8. Bb3 a6 9. f4 Qc7 10. O-O b5 11. f5 Nxd4 12. Qxd4 O-O 13. a3 {B88: Sicilian: Sozin Attack} (13. h3 Rb8 14. fxe6 Bxe6 15. Rf2 b4 16. Nd5 Nxd5 17. exd5 Bd7 18. c4 bxc3 19. bxc3 f5 20. Qd3 a5 {0-1 (47) De Firmian,N (2536)-Lugovoi,A (2563) Gausdal 2003}) 13... e5 $146 ({Predecessor:} 13... Rb8 14. Qd3 b4 15. axb4 Rxb4 16. Ra4 Rxa4 17. Nxa4 exf5 18. exf5 Bb7 19. Qc3 Bc6 {0-1 (19) Lorenzo de la Riva,L (2391)-Vishnu,P (2340) Figueres 2011}) 14. Qd3 Bb7 15. Bg5 {White is slightly better.} Rac8 16. Bxf6 Bxf6 17. Rad1 Rfd8 18. Kh1 Kf8 19. Qh3 h6 20. Rd3 Bc6 21. Rfd1 Rb8 22. Nd5 Bxd5 23. Rxd5 Rb6 24. Qh5 Rc6 25. c3 Rb6 26. R5d3 Qe7 27. g3 Kg8 28. Kg2 Rf8 29. h4 a5 30. Kh3 Kh7 31. R1d2 Qb7 32. Qf3 ({Reject} 32. Rxd6 $6 Qxe4 33. Rxb6 Qh1+ 34. Kg4 (34. Rh2 Qf1+ 35. Kg4 e4 $11) 34... Qe4+ 35. Kh3 Qh1+ 36. Kg4 (36. Rh2 Qf1+ 37. Rg2 Qh1+ 38. Rh2 Qf1+ 39. Kg4 e4 $11) 36... Qe4+ 37. Kh3 $11) 32... Qe7 33. Rd1 Kg8 34. Qf2 Qb7 $2 {[#]} (34... Rfb8 $16 {is a better defense.}) 35. g4 Bd8 36. Bd5 ({Not} 36. Rxd6 Rxd6 37. Rxd6 Qxe4 $16) 36... Qe7 37. Rg1 Rb8 {With the idea ...Bb6.} 38. Rg2 Bb6 39. Qe2 Kh8 40. g5 g6 41. gxh6 gxf5 (41... Rg8 $142 42. Rf3 gxf5) 42. exf5 $18 Qf6 43. Qh5 e4 44. Rdg3 {[#] h7 would kill now.} e3 45. h7 {Accuracy: White = 82%, Black = 36%.} 1-0

[Event "10th Sharjah Cup Women 2020"]
[Site "Sharjah"]
[Date "2020.01.07"]
[Round "5.8"]
[White "Boshra, Alshaeby"]
[Black "Heinemann, Josefine"]
[Result "0-1"]
[WhiteElo "1979"]
[BlackElo "2317"]
[Annotator "TA"]
[PlyCount "64"]
[EventDate "2020.01.04"]
[EventType "swiss"]
[EventCountry "UAE"]
[SourceTitle "playchess.com"]
[Source "ChessBase"]
[SourceQuality "1"]

{[%evp 16,64,-6,-16,-2,-16,-2,-16,-17,-34,-20,-34,-19,-62,-7,-67,-30,-27,-20,-52,-24,-49,-39,-80,-78,-69,-54,-59,-44,-83,-83,-84,-63,-215,-190,-209,-204,-229,-239,-254,-165,-379,-363,-381,-347,-370,-352,-381,-377,-375,-273]} 1. e4 c5 2. Nf3 d6 3. d3 Nc6 4. g3 g6 5. Bg2 Bg7 6. O-O Nf6 7. Re1 O-O 8. c3 e5 9. h3 Re8 {A05: Réti Opening: 1 Nf3 Nf6} (9... h6 10. a3 Be6 11. b4 b6 12. Bb2 Qc8 13. Kh2 Rd8 14. Nbd2 Qc7 15. Rc1 Qe7 16. d4 exd4 17. cxd4 {½-½ (36) Amin,B (2635)-Mamedov,R (2659) Dubai 2014}) 10. a3 h6 11. b4 a6 {[%cal Ba7a6,Ba6a5,Ba5a4][%mdl 32] The position is equal.} 12. Nbd2 Be6 13. Bb2 b5 $146 ({Predecessor:} 13... Nd7 14. Nc4 Nb6 15. Ne3 cxb4 16. axb4 d5 17. exd5 Nxd5 18. Nxd5 Bxd5 {1-0 (51) Slaby,J (2477)-Ksieski,Z (2359) Katowice 2010}) 14. Nb3 Qb6 (14... c4 $15 15. dxc4 bxc4) 15. Bc1 (15. d4 $11 Bxb3 16. Qxb3) 15... a5 {[%cal Ra5b4]} 16. Be3 {[%cal Rb4c5]} Nd7 17. Qc2 a4 18. Nbd2 Qa6 19. bxc5 dxc5 20. Rab1 Rab8 21. Bf1 Rec8 22. Qb2 Qa7 23. Rec1 Rf8 24. d4 $2 {[#]} ({Better is} 24. Qc2 $15) 24... exd4 $19 (24... cxd4 25. cxd4 Nxd4 26. Qb4 $15) 25. cxd4 b4 ({Weaker is} 25... cxd4 26. Bxh6 Bxh6 27. Rxc6 $15) ({Resist} 25... Nxd4 26. Nxd4 cxd4 27. Bf4 $17) 26. e5 bxa3 27. Qxa3 {[%cal Rd4c5]} cxd4 28. Bxh6 $2 (28. Rxb8 {might work better.} Ndxb8 29. Nxd4 Nxd4 30. Qd6) 28... Rxb1 29. Nxb1 {Strongly threatening Bxg7.} Bxh6 30. Rxc6 Qb7 {[%mdl 64] [#] Double Attack. Black is winning.} 31. Qxa4 Qxb1 32. Rxe6 Nc5 {Accuracy: White = 23%, Black = 52%.} 0-1

[Event "10th Sharjah Cup Women 2020"]
[Site "Sharjah"]
[Date "2020.01.07"]
[Round "5.9"]
[White "Kyrkjebo, Hanna B."]
[Black "Nguyen, Thi Mai Hung"]
[Result "0-1"]
[WhiteElo "1963"]
[BlackElo "2254"]
[Annotator "TA"]
[PlyCount "64"]
[EventDate "2020.01.04"]
[EventType "swiss"]
[EventCountry "UAE"]
[SourceTitle "playchess.com"]
[Source "ChessBase"]
[SourceQuality "1"]

{[%evp 12,64,20,11,31,20,31,20,20,20,28,35,22,2,20,10,20,12,36,-9,-20,-14,-17,-6,17,-17,-5,-32,-17,-29,-14,-26,-21,-36,-38,-104,-85,-186,-191,-271,-268,-272,-265,-264,-254,-602,-600,-29993,-29994,-29995,-29996,-29996,-29997,-29997,-29998]} 1. e4 c5 2. Nf3 g6 3. d4 cxd4 4. Qxd4 Nf6 5. Nc3 Nc6 6. Qa4 d6 7. e5 Ng4 {B27: Sicilian: 2 Nf3, unusual Black 2nd moves} (7... dxe5 8. Nxe5 Bd7 9. Nxd7 Qxd7 10. Be2 Bg7 11. O-O O-O 12. Rd1 Qf5 13. Bd3 Qh5 14. Qb5 Qxb5 15. Bxb5 Nb4 16. Ba4 {1-0 (60) Guseinov,G (2664)-Gordievsky,D (2614) St Petersburg 2018}) 8. Bb5 Bg7 9. exd6 Qxd6 {The position is equal.} 10. O-O {Black must now prevent Rd1.} O-O {Threatens to win with ...Nd4.} 11. Bf4 Qc5 12. Ne4 Qb6 $146 ({Predecessor:} 12... Qf5 13. Ng3 Qc5 14. h3 Nge5 15. Nxe5 Nxe5 {½-½ (35) Gomes da Silva,E (2074)-De Haro,M (1947) Sao Paulo 2015}) 13. h3 Nge5 14. Nxe5 Nxe5 15. Be3 (15. Rfe1 $5 {[%cal Re4c3]}) 15... Qc7 16. c3 a6 17. Be2 $1 Bf5 18. Ng3 Be6 19. Bd4 Rfd8 20. Rfd1 b5 {[%cal Bb7b5,Bb5b4][%mdl 32]} 21. Qc2 Rac8 22. Qb1 Bd5 23. b3 (23. Nf1 $15) 23... Bb7 {Strongly threatening ...b4!} 24. a4 {[#]} (24. a3 $17 {might work better.}) 24... b4 $1 $19 {[%mdl 512]} 25. Rc1 (25. cxb4 $142 Qc6 26. Qe4 Qxe4 27. Nxe4 Bxe4 28. Bxa6) 25... Bh6 26. Re1 {White wants to play Bxe5.} Bd2 27. Bxe5 Qxe5 $40 {[%mdl 128] Black is out for blood.} 28. Bg4 $2 (28. cxb4 Bxb4 29. Bc4 Bxe1 30. Qxe1 Qxe1+ 31. Rxe1) 28... Bxe1 29. Bxc8 {[#]} Bxf2+ $1 {[%mdl 512] Black mates.} 30. Kxf2 Rd2+ 31. Kg1 Rxg2+ {[%mdl 64] Double Attack} 32. Kh1 Qxg3 {Accuracy: White = 33%, Black = 77%.} 0-1

[Event "10th Sharjah Cup Women 2020"]
[Site "Sharjah"]
[Date "2020.01.07"]
[Round "5.10"]
[White "Smirnova, Ekaterina"]
[Black "Samaganova, Alexandra"]
[Result "1-0"]
[WhiteElo "2249"]
[BlackElo "2008"]
[Annotator "TA"]
[PlyCount "75"]
[EventDate "2020.01.04"]
[EventType "swiss"]
[EventCountry "UAE"]
[SourceTitle "playchess.com"]
[Source "ChessBase"]
[SourceQuality "1"]

{[%evp 21,75,0,0,0,0,0,0,0,12,0,0,0,16,20,37,17,38,0,0,0,25,27,39,27,31,22,32,30,95,94,83,68,104,89,204,203,370,302,294,293,606,579,611,614,547,621,604,623,583,593,29989,29988,29988,29989,29997,392]} 1. d4 Nf6 2. c4 e6 3. Nf3 b6 4. a3 Bb7 5. Nc3 d5 6. cxd5 Nxd5 7. Qc2 Nxc3 8. bxc3 Be7 9. e4 O-O 10. Bd3 c5 11. O-O Qc7 12. Qe2 {E12: Queen's Indian: Unusual White 4th moves, 4 a3, 4 Nc3 Bb7 5 a3 and 4 Nc3 Bb7} Rd8 (12... Nd7 13. Re1 Rfd8 14. Bb2 Rac8 15. Rad1 Nf8 16. g3 Bf6 17. h4 h6 18. e5 Be7 19. Nd2 cxd4 20. cxd4 f5 21. exf6 Bxf6 {½-½ (49) Nihal,S (2610)-Ivanchuk,V (2684) Leon 2019}) 13. Bb2 Nc6 14. Rad1 {The position is equal.} g6 15. Qe3 Bf8 16. h4 Qe7 17. h5 Rac8 18. Rfe1 $146 ({Predecessor:} 18. Qf4 Bg7 19. e5 cxd4 20. cxd4 {½-½ (87) Magat,G (2220)-Procopi,J (2256) ICCF email 2015}) 18... Na5 19. hxg6 hxg6 20. Ne5 Bg7 21. f4 Bc6 22. Rf1 Ba4 {And now ...Bxe5 would win.} 23. Rde1 cxd4 24. cxd4 Bc2 (24... Nc6 $11 {keeps the balance.}) 25. Ba6 $16 Rc7 26. Rf2 Bb3 {[#]} 27. f5 $1 {[%cal Rf5g6]} exf5 (27... Bxe5 $16 {might work better.} 28. dxe5 Rc2) 28. exf5 $18 Qd6 $2 (28... gxf5 29. Rxf5 f6) 29. fxg6 fxg6 {[#] If only Black now had time for ...Bc4....} 30. Qg5 $1 Bc2 $2 (30... Rc2 31. Ree2 Rxe2 32. Bxe2 Rf8 33. Rxf8+ (33. Qxg6 Qxg6 34. Nxg6 Rxf2 $14) 33... Kxf8 34. Nxg6+ Ke8 35. Bb5+ Kf7 36. Ne5+ Kg8) 31. Rc1 Bf5 32. Rxc7 {[%mdl 64] Overworked Piece} Qxc7 33. Nxg6 Bxg6 34. Qxg6 {White threatens Bd3 and mate.} Rf8 35. Qe6+ ({Weaker is} 35. Bd3 Rxf2 36. Kxf2 Qf4+ 37. Ke2 Kf8 $18) 35... Kh8 36. Rxf8+ {White mates.} Bxf8 37. d5+ Bg7 38. Qe8+ {Accuracy: White = 82%, Black = 22%.} 1-0

[Event "10th Sharjah Cup Women 2020"]
[Site "Sharjah"]
[Date "2020.01.07"]
[Round "5.11"]
[White "Kyrkjebo, Marte B."]
[Black "Bykova, Anastasia"]
[Result "0-1"]
[WhiteElo "1880"]
[BlackElo "2247"]
[Annotator "TA"]
[PlyCount "78"]
[EventDate "2020.01.04"]
[EventType "swiss"]
[EventCountry "UAE"]
[SourceTitle "playchess.com"]
[Source "ChessBase"]
[SourceQuality "1"]

{[%evp 12,78,40,27,32,31,25,13,20,27,36,31,31,-8,-17,-16,-7,-16,-13,-66,-62,-60,-59,-57,-13,-22,0,-24,0,-11,0,1,30,0,0,0,0,0,0,0,0,-36,-11,-35,-39,-87,-74,-114,-52,-111,-88,-133,-28,-321,-307,-29987,-29988,-29988,-29989,-29989,-29990,-29990,-29991,-29991,-29992,-29997,-29998,-29998,-29999]} 1. e4 c6 2. d4 d5 3. e5 Bf5 4. Nf3 e6 5. Be2 Nd7 6. O-O Ne7 7. Nbd2 h6 {B12: Caro-Kann: Advance Variation} 8. Nb3 g5 9. Be3 (9. a4 Bg7 10. a5 O-O 11. c3 Qc7 12. h4 g4 13. Ne1 h5 14. Nd3 Ng6 {0-1 (47) Alekseenko,K (2668)-Artemiev,V (2757) Izhevsk 2019}) 9... Qc7 {The position is equal.} 10. a4 a5 11. Ne1 Bg7 12. Bd3 $146 {[#]} ({Predecessor:} 12. Nd3 Bxd3 13. Bxd3 c5 14. Nxc5 Nxc5 15. dxc5 Bxe5 {½-½ (36) Gurevich,D (2483)-Khamrakulov,D (2496) Saint Louis 2018}) 12... c5 $1 {[%mdl 512]} 13. Bxf5 (13. Nxc5 Nxc5) 13... Nxf5 14. c3 O-O 15. Qd2 (15. Nc2 $11) 15... c4 $15 16. Nc1 f6 17. exf6 Rxf6 (17... Nxf6 {seems wilder.} 18. f3 e5 19. dxe5 Nxe3 20. Qxe3 Rae8) 18. Ne2 Raf8 19. Nc2 R8f7 20. Ng3 Nxg3 21. hxg3 Rf5 22. Na3 Nf6 23. Qe2 {Black must now prevent g4.} Ne4 24. Nb5 Qb8 25. g4 R5f6 26. Rfe1 Bf8 27. f3 Nd6 $1 28. Nxd6 Bxd6 29. Bf2 Qd8 (29... Qc7 $17) 30. Red1 (30. Qd2 $1 $15) 30... Bb8 31. Qe1 {[#]} Qd6 {[#]} (31... h5 $1 $17 {[%cal Rh5g4][%mdl 512] aiming for ...hxg4.} 32. gxh5 g4) 32. Kf1 $2 {[%mdl 8192]} (32. Qe5 $1 $11 {[%mdl 512]}) 32... Qh2 $19 33. Bg1 $2 (33. Qe3 $19) 33... Rxf3+ {[%mdl 64] Deflection. Black mates.} 34. gxf3 Qh3+ 35. Ke2 Qxf3+ 36. Kd2 Qd3+ 37. Kc1 Bf4+ 38. Rd2 Bxd2+ 39. Qxd2 Rf1+ {[%mdl 64] Double Attack. Accuracy: White = 27%, Black = 50%.} 0-1

[Event "10th Sharjah Cup Women 2020"]
[Site "Sharjah"]
[Date "2020.01.07"]
[Round "5.12"]
[White "Gevorgyan, Irina"]
[Black "Shanya, Mishra"]
[Result "1-0"]
[WhiteElo "2216"]
[BlackElo "1907"]
[Annotator "TA"]
[PlyCount "85"]
[EventDate "2020.01.04"]
[EventType "swiss"]
[EventCountry "UAE"]
[SourceTitle "playchess.com"]
[Source "ChessBase"]
[SourceQuality "1"]

{[%evp 9,85,40,55,35,50,43,57,51,56,16,31,25,10,25,34,-10,0,0,0,-22,-9,-33,-37,-70,91,103,98,112,150,181,139,142,152,140,163,140,140,131,135,132,133,148,143,108,118,113,137,131,147,150,155,138,178,172,185,185,185,185,185,179,190,185,181,159,331,335,325,301,316,275,365,364,589,586,568,532,1104,1102]} 1. Nf3 d5 2. e3 Nf6 3. c4 c6 4. Nc3 dxc4 (4... a6 5. Qc2 g6 6. d4 Bg7 7. Bd3 O-O 8. O-O e6 9. b3 Nbd7 10. Bb2 b6 11. e4 dxe4 12. Nxe4 Qc7 13. Nxf6+ Bxf6 14. Nd2 c5 15. Be4 Bb7 16. Nf3 Bxe4 17. Qxe4 {½-½ (53) Ding,L (2811)-Shankland,S (2705) chess.com INT 2019}) 5. Bxc4 b5 6. Be2 {A11: English Opening: 1...c6} Bb7 7. O-O Nbd7 $146 ({Predecessor:} 7... e6 8. b3 Nbd7 9. Bb2 a6 10. Rc1 Be7 11. Qc2 Rc8 12. Ng5 {½-½ (38) Busch,R (2305)-Schiff,A (2215) Germany 1997}) 8. d4 {White is slightly better.} e6 9. a3 a6 10. e4 c5 11. e5 Nd5 12. Ne4 Qc7 13. Re1 Qb6 14. Bf1 cxd4 15. Nxd4 (15. a4 {is more complex.} Bb4 16. Bd2 O-O 17. axb5 axb5 18. Rxa8 Bxa8 19. Bxb4 Nxb4 20. Qxd4 Qxd4 21. Nxd4 Nxe5 22. Nc5) 15... Nxe5 16. Bg5 Be7 $2 (16... Ng6 $15 {stays ahead.} 17. Nb3 h6) 17. Bxe7 $16 Nxe7 {[#]} 18. Nxe6 $1 {[%mdl 512]} Bxe4 (18... Qxe6 19. Nd6+) 19. Nxg7+ Kf8 20. Rxe4 {Hoping for Nh5.} Kxg7 21. Rxe5 Ng6 22. Rd5 Rad8 23. Rc1 Rxd5 24. Qxd5 Rd8 25. Qf3 Rd6 26. Re1 Rf6 27. Qe3 Qxe3 28. Rxe3 {[%mdl 4096] Endgame KRB-KRN} ({Resist} 28. fxe3 $6 Ne5 $14) 28... Nf4 29. g3 Nd5 30. Re4 Rc6 31. a4 bxa4 32. Rxa4 Rb6 33. Bc4 Nc7 34. b3 Kf6 35. Ra5 Nb5 36. Kf1 Ke5 $2 {[#]} (36... Nd4 $16 {is a better defense.} 37. Rxa6 Rxa6 38. Bxa6 Nxb3) 37. Bxf7 $18 Kd4 38. Ra4+ Kc3 39. Rc4+ Kd3 40. Bg8 Na3 $2 (40... Rb7 41. Ra4 Rg7) 41. Bxh7+ {White is clearly winning.} Kd2 42. Ra4 Nc2 43. Ra2 {Accuracy: White = 64%, Black = 50%.} 1-0